| 000 | 01009nam a22002537a 4500 | ||
|---|---|---|---|
| 003 | OSt | ||
| 005 | 20210914190325.0 | ||
| 008 | 210914b2007 ck a|||gr|||| 00| 0 spa d | ||
| 020 | _a9789588321325 | ||
| 040 |
_aCO-JMCR _cCO-JMCR |
||
| 041 | 0 | _aspa | |
| 082 | 0 | 4 |
_a910.92 / _bP778l _223 |
| 100 | 1 |
_aPolo, Marco, _eautor _940399 |
|
| 245 | 1 | 3 |
_aEl libro de Marco Polo : _bsobre las cosas maravillosas de oriente / _cilustrado por Olga Cuéllar |
| 260 |
_aBogotá : _bAlcaldía Mayor de Bogotá : Secretaría Distrital de Cultura, Recreación y Deporte, _c2007 |
||
| 300 |
_a111 páginas : _bilustraciones a blanco y negro ; _c17 cm. |
||
| 490 | 0 |
_aLibro al viento ; _v40 |
|
| 505 | 0 | _aAquí empieza el primer libro -- Aquí empieza el segundo libro -- Aquí empieza el tercer libro | |
| 600 |
_aPolo, Marco, _d1254-1324 _xItinerarios _940400 |
||
| 650 | 1 | 4 |
_aRelatos de viajes _940401 |
| 651 | 4 |
_aAsia _xDescripciones y viajes _940402 |
|
| 700 | 1 |
_aCuéllar, Olga, _eilustradora _91085 |
|
| 942 |
_2ddc _cBK |
||
| 999 |
_c15595 _d15595 |
||